000 01339nam2a2200253 4500
001 RU\NLR\bibl\883603
005 20250614165749.0
021 _aRU
_b2005-70626
_93477
035 _a(NLR Aleph) 000872157
090 _a1606270
_c1606270
100 _a20051205d2005 |||y0rusy50 ca
101 0 _arus
102 _aRU
105 _ay |||||||||
200 1 _aвып. 3 Б. Естественные науки в целом. В. Физико-математические науки. Разделы "В2 Механика", "В3 Физика"
_f[сост. Н.М. Вентцель, к.ф.-м.н.]
210 _d2005
_aБ. м.
215 _a50 с.
320 _aБиблиогр. в подстроч. прим.
320 _aАлф.-предм. указ.: с. 14-24, 36-49
461 0 _1001RU\NLR\bibl\95701
_12001#$a[Библиотечно-библиографическая классификация]$vN°11
_9525627
_cМ.
_d1998
_fРос. гос. б-ка и др.
_nРГБ
_oТаблицы для научных библиотек : дополнения и исправления : инструктивно-методичесие рекомендации
_t[Библиотечно-библиографическая классификация]
_vN°11
801 0 _aRU
_bNLR
_c20051205
_grcr
801 1 _aRU
_bNLR
_c20051205
942 _cBOOK
980 _aNB